000 00623nam a2200121Ia 4500
008 220615s9999||||xx |||||||||||||| ||und||
245 0 _aDemocracy and Fake News
_bInformation Manipulation and Post-Truth Politics
546 _aEnglish[eng]
650 _aartificial intelligence||democracy||disinformation||fake news||internet||misinformation||post-truth politics||Russia||social media||technology
700 _aGiusti, Serena||Piras, Elisa
856 _uhttps://library.oapen.org/bitstream/20.500.12657/46727/1/oa-9781000286731.pdf||https://library.oapen.org/bitstream/20.500.12657/46727/1/oa-9781000286731.pdf
942 _cEB
999 _c18559
_d18559